MOS SERIES PRINCIPLES AND PRACTICE OF GLAUCOMA (Record no. 14629)

MARC details
000 -LEADER
fixed length control field 00305nam a22001337a 4500
003 - CONTROL NUMBER IDENTIFIER
control field SGT
082 ## - DEWEY DECIMAL CLASSIFICATION NUMBER
Classification number 617.7
Item number M15K
100 ## - MAIN ENTRY--PERSONAL NAME
Personal name KURANA, A.K
245 ## - TITLE STATEMENT
Title MOS SERIES PRINCIPLES AND PRACTICE OF GLAUCOMA
260 ## - PUBLICATION, DISTRIBUTION, ETC. (IMPRINT)
Place of publication, distribution, etc INDIA
Name of publisher, distributor, etc CBS
Year of Publication 2015
300 ## - PAGE DESCRIPTION
No. of Pages 330
650 ## - SUBJECT ADDED ENTRY--TOPICAL TERM
Topical term or geographic name as entry element OPHTHALMOLOGY
942 ## - ADDED ENTRY ELEMENTS (KOHA)
Source of classification or shelving scheme Dewey Decimal Classification
Koha item type Books
942 ## - ADDED ENTRY ELEMENTS (KOHA)
-- 1
Holdings
Withdrawn status Lost status Source of classification or shelving scheme Damaged status Not for loan Collection code Home library Current library Shelving location Date acquired Vendor Name Cost, normal purchase price SGTU Bill Number Total Checkouts Full call number Accession No. (Barcode) Date last seen Bill Date Koha item type Date last borrowed
    Dewey Decimal Classification     MEDICAL SGT Medical Library SGT Medical Library Text Book 18/01/2018 ABC 895.00 SGTU 8703   617.7 M15K FM9482 18/01/2018 02/09/2017 Books  
    Dewey Decimal Classification     MEDICAL SGT Medical Library SGT Medical Library Text Book 18/01/2018 ABC 895.00 SGTU 8703   617.7 M15K FM9483 18/01/2018 02/09/2017 Books  
    Dewey Decimal Classification     MEDICAL SGT Medical Library SGT Medical Library Text Book 18/01/2018 ABC 895.00 SGTU 8703 1 617.7 M15K FM9484 18/09/2023 02/09/2017 Books 26/08/2023